Music Quiz

Random Music or Artist Quiz

Hip Hop Songs Quiz Stats

 Plays Quiz not verified by Sporcle

Challenge
Share
Tweet
Embed
Score 0/34 Timer 06:00
0 Plays Today
Song Artist % Correct
Jesus WalksKanye West
88.9%
Mr CarterLil Wayne
84.5%
Gangsters ParadiseCoolio
83.1%
JuicyNotorious BIG
82.8%
Straight Outta ComptonN.W.A
77.8%
Many Men50Cent
75.9%
Mama Said Knock You OutLL Cool J
75.6%
One MicNas
72.6%
To Live And Die In LATupac
70.6%
Can I Get A Jay Z
67.6%
Fight The PowerPublic Enemy
64%
RegulateWarren G
60.4%
Its All About The BenjaminsPuff Daddy
58.2%
The CrossroadsBone Thugs N Harmony
55.7%
Protect Ya NeckWu Tang Clan
51.2%
Still Not A PlayaBig Pun
48.2%
BreatheFabolous
47.1%
Song Artist % Correct
DreamsThe Game
46.3%
Childrens StorySlick Rick
46%
Oh BoyCamron
44.6%
Get ByTalib Kweli
39.6%
Put Your Lighters UpLil kim
38.5%
I Got 5 On ItThe Luniz
37.7%
WhyJadakiss
36.8%
SlippinDMX
34.3%
DangerousBusta Rhymes
32.1%
Its Bigger Than Hip HopDead Prez
24.9%
So Much MoreFat Joe
17.2%
Everything Is EverythingLauren Hill
13.6%
Paper ThinMC Lyte
10.2%
Bad BoysShyne
8.3%
Worlds Most DangerousJa Rule
7.5%
Pass Me The GreenMaster P
7.2%
FireJoe Budden
7.2%

You're not logged in!

Compare scores with friends on all Sporcle quizzes.
Join for Free
OR
Log In

You Might Also Like...

Show Comments

Extras

Created Jan 3, 2010ReportNominate
Tags:Artist Quiz, Song Quiz, hip, hop

Top Quizzes Today


Score Distribution

Your Account Isn't Verified!

In order to create a playlist on Sporcle, you need to verify the email address you used during registration. Go to your Sporcle Settings to finish the process.

Report this User

Report this user for behavior that violates our Community Guidelines.

Details: